Statistics for Red Pokémon (Pokedéx Color)

Click here to take the quiz!

General Stats

  • This quiz has been taken 58 times
  • The average score is 24 of 75

Answer Stats

GenAnswer% Correct
ICharmander
95%
ICharmeleon
92%
ICharizard
92%
IIITorchic
81%
IIIBlaziken
81%
IIICombusken
78%
IMagmar
70%
IVMagmortar
65%
IIMagby
65%
VEmboar
65%
VTepig
65%
VPignite
62%
IIIGroudon
57%
IFlareon
54%
IIMagcargo
54%
IISlugma
54%
VIDelphox
54%
VIFennekin
51%
VIBraixen
51%
IMagikarp
46%
VSimisear
43%
VPansear
43%
VHeatmor
41%
IIHo-oh
38%
VDarumaka
38%
VDarmanitan
38%
IVoltorb
38%
IIICamerupt
38%
IElectrode
35%
IIILatias
27%
IILedian
27%
IILedyba
27%
ISeaking
27%
VITalonflame
27%
VIFletchinder
27%
IGoldeen
24%
VVenipede
24%
IIICrawdaunt
24%
IIICorphish
24%
VIFletchling
24%
VScolipede
22%
VIYveltal
22%
IKrabby
22%
IKingler
22%
IIScizor
22%
IIIDeoxys
19%
IParas
19%
IParasect
19%
IIYanma
19%
IIAriados
16%
IIISolrock
16%
IVRotom
14%
VThroh
14%
IIIWurmple
14%
VAccelgor
14%
IIOctillery
14%
VDruddigon
14%
IVPorygon-Z
11%
IIPorygon2
11%
IVileplume
11%
VCrustle
11%
VDwebble
11%
IJynx
8%
VShelmet
8%
IIDelibird
8%
VKrookodile
8%
IVKricketune
3%
IVKricketot
3%
IIIMedicham
3%
VScrafty
3%
VPawniard
3%
VBraviary
3%
VBisharp
3%
VITyrantrum
0%
IIICarvanha
0%

Score Distribution

Percentile by Number Answered

Percent of People with Each Score

Your Score History

You have not taken this quiz